LEADER 00792nam a2200205 i 4500 001 000000179116 003 CaOOAMICUS 005 20250825164949.0 008 090430s1978 xxk u000 u mul u 040 $aSeMil$bita 245 10$aVol. 3. 300 $aXXIX, 499 p. 490 1 $aThe Loeb Classical Library ;$v212 773 0 $aGellius, Aulus $tAttic nights of Aulus Gellius.$dCambridge, Massachusetts : Harvard University Press ; London : Heinemann, 1978-1984.$w()21198 830 4$aThe Loeb Classical Library ;$v212.$0(OLS)http://semarc/title/26868 850 $aSeMil 852 $aSeMil$W1$xVenegono$y1$m1Y I 21/3$j260868$B129881$CSeMilBibl$Z2$F141403 $81 961 $aOmaggio: Villa don Cesare 996 $6245$aVol. 3$9(OLS)http://semarc/title/80712 LEADER 01349nam a2200325 i 4500 001 000000116014 003 CaOOAMICUS 005 20240109141512.0 008 030617s2003 it u000 u ita u 013 $a88703 020 $a88-7078-810-5 040 $aSeMil$bita 100 1 $aRicoeur, Paul,$d<1913-2005>.$0(OLS)http://semarc/name/675 240 13$aLa mémoire, l'histoire, l'oubli.$0(OLS)http://semarc/title/170038 245 13$aLa memoria, la storia, l'oblio /$cPaul Ricoeur. 250 $aed. italiana. 260 $aMilano :$bRaffaello Cortina,$c2003. 300 $aXXIV, 741 p. ;$c23 cm. 490 0 $aSaggi [Cortina] ;$v28 650 4$aMemoria - Filosofia.$0(OLS)http://semarc/subject/11657 650 4$aFilosofia della storia.$0(OLS)http://semarc/subject/1960 700 1 $aIannotta, Daniella.$0(OLS)http://semarc/name/11833 830 0$aSaggi ;$v28.$0(OLS)http://semarc/title/446916 850 $aSeMil 852 $aSeMil$W1$xVenegono$y1$m2NA N 28$j249472$B71497$CSeMilBibl$Z2$F75722 $81 961 $aAcquisto: Mescat 996 $6020$a88-7078-810-5$9(OLS)http://semarc/number/99990 996 $6245$aLa memoria, la storia, l'oblio$9(OLS)http://semarc/title/170037 996 $6260$aMilano :$bRaffaello Cortina$9(OLS)http://semarc/publisher/31196